| 000 | 00678nam a2200205Ia 4500 | ||
|---|---|---|---|
| 005 | 20250326144320.0 | ||
| 008 | 250326s9999 xx 000 0 und d | ||
| 037 | _aTextbook | ||
| 040 |
_aFMSL _beng _cFMSL |
||
| 041 |
_aeng _2eng |
||
| 084 |
_aX:328 P7 _qFMSL |
||
| 100 |
_aKourilsky M L _9749463 |
||
| 245 | 0 |
_aEntrepreneur in youth : untapped resource for economic growth, social entrepreneurship and education _cKourilsky M L; Walstad W B |
|
| 260 |
_aUnited Kingdom _bUnited Kingdom, Edward Elgar _c2007 |
||
| 300 | _axii,166 | ||
| 365 | _b3684.8114999999998 | ||
| 650 |
_aEnterpreneurship _9748758 |
||
| 942 |
_cTB _hX:328 P7 |
||
| 999 |
_c1303275 _d1303275 |
||